|
|
|
|
| LEADER |
01308cam a2200349Ia 4500 |
| 001 |
9781134761302 |
| 003 |
FlBoTFG |
| 005 |
20100930121849.0 |
| 006 |
a|||||s||||||||||| |
| 007 |
cr|||| |
| 008 |
910924s1992 enka sb 001 0 eng d |
| 010 |
|
|
|a 91036367
|
| 020 |
|
|
|a 9780203130162 (e-book : PDF)
|
| 040 |
|
|
|a FlBoTFG
|c FlBoTFG
|d GrThAP
|
| 043 |
|
|
|a aw-----
|a e------
|a ff-----
|
| 090 |
|
|
|a HT114
|b .C58 1992
|
| 092 |
|
|
|a 307.7609376
|b C581
|
| 245 |
0 |
4 |
|a The City in late antiquity
|h [electronic resource] /
|c edited by John Rich.
|
| 260 |
|
|
|a London ;
|a New York :
|b Routledge,
|c 1992.
|
| 300 |
|
|
|a x, 204 p. :
|b ill. ;
|c 23 cm.
|
| 490 |
1 |
|
|a Leicester-Nottingham studies in ancient society ;
|v v. 3
|
| 504 |
|
|
|a Includes bibliographical references and index.
|
| 530 |
|
|
|a Also available in print edition.
|
| 533 |
|
|
|a Electronic reproduction.
|b [London, Eng. :
|b Taylor and Francis,
|d 2010].
|n PDF file created from digital scan of print book.
|
| 650 |
|
0 |
|a Cities and towns, Ancient
|z Rome.
|
| 655 |
|
7 |
|a Electronic books.
|2 lcsh
|
| 700 |
1 |
|
|a Rich, John,
|d 1944-
|
| 776 |
1 |
|
|z 041506855X
|
| 776 |
1 |
|
|z 0415144310
|
| 776 |
1 |
|
|z 9780415144315
|
| 830 |
|
0 |
|a Leicester-Nottingham studies in ancient society ;
|v v. 3.
|
| 856 |
4 |
0 |
|u http://www.tandfebooks.com/isbn/9780203130162
|z Full Text via HEAL-Link
|